[Event "1st Longtou Cup Belt and Road"]
[Site "Qinhuangdao"]
[Date "2018.05.28"]
[Round "3"]
[White "Peng, Xiongjian"]
[Black "Stupak, Kirill"]
[Result "0-1"]
[WhiteElo "2427"]
[BlackElo "2556"]
[Annotator "TA"]
[PlyCount "104"]
[EventDate "2018.??.??"]
[EventCountry "CHN"]
[SourceTitle "playchess.com"]
[Source "ChessBase"]
[SourceQuality "1"]

{[%evp 9,104,54,53,49,88,82,95,86,86,89,67,70,74,72,87,83,95,87,129,58,58,52,58,59,63,0,0,-27,-26,-76,-19,-20,-52,-44,-56,-189,-187,-172,-125,-114,-56,-192,-92,-89,-87,-96,-91,-177,-116,-101,-109,-111,-109,-109,-109,-112,-94,-94,-94,-94,-94,-112,-107,-151,-144,-131,-108,-116,-129,-145,-144,-145,-117,-144,-126,-244,-272,-140,-119,-145,-162,-397,-352,-308,-321,-6841,-6467,-4984,-4070,-12842,-12843,-12843,-12843,-12844,-12844,-12851,-12851]} 1. d4 Nf6 2. c4 b6 3. f3 Nc6 4. Nc3 e5 5. d5 Ne7 6. g4 {[%cal Bg2g4,Bg4g5][%mdl 32] A50: Queen's Fianchetto Defence (1 d4 Nf6 2 c4 b6)} (6. e4 Ng6 7. Be3 Bc5 8. Qd2 d6 9. O-O-O Bd7 10. Kb1 Bxe3 11. Qxe3 {1-0 (40) Rodshtein,M (2699)-Stupak,K (2588) Katowice 2017}) 6... Ng6 7. h4 h5 8. g5 {White is better.} Ng8 9. e4 Bc5 $146 ({Predecessor:} 9... Bd6 10. Nge2 c6 11. Be3 {1-0 (39) O'Donnell,C (2347)-Blahynka,M (2431) Prague 2016}) 10. Nge2 a5 11. f4 exf4 12. Nxf4 Nxf4 13. Bxf4 Ne7 14. Be2 (14. d6 $16 cxd6 15. Bxd6) 14... Ng6 $14 15. Bg3 Qe7 16. Bxh5 (16. Bxc7 $2 d6 $19) 16... Ne5 17. Bxe5 (17. Be2 $14) 17... Qxe5 $11 18. Qf3 g6 19. Rf1 Rh7 (19... gxh5 20. Qxf7+ Kd8 21. O-O-O $11) (19... Kd8 $17 20. Qxf7 Rxh5 21. Qxg6 Rxh4) 20. d6 Bxd6 21. O-O-O $1 Bb7 {Hoping for ...0-0-0.} ({Don't go for} 21... Rxh5 $2 22. Qxf7+ Kd8 23. Rxd6 $1 $18 {[%mdl 512]}) 22. Bg4 ({White has to play} 22. Bxg6 $1 $15 fxg6 23. Rxd6 $1 {[%mdl 512]} Qxd6 24. Nb5) 22... O-O-O $36 {[%mdl 2048] Black is really pushing.} 23. Qh3 Qg3 ({Not} 23... Bxe4 $2 24. Rde1 $18) 24. Rh1 Bc6 (24... Qf4+ $17 25. Kb1 Bxe4+ 26. Nxe4 Qxe4+ 27. Ka1 Qxc4) 25. Kc2 (25. Qxg3 $15 Bxg3 26. Rh3) 25... Rdh8 (25... Qf2+ $19 26. Be2 Rdh8) 26. Qxg3 $17 Bxg3 27. Rh3 Be5 (27... Bxh4 $6 28. Rdh1 $11) 28. Rhd3 (28. Rdh1 $17) 28... Bxc3 ({Don't play} 28... Rxh4 29. Bxd7+ Bxd7 30. Rxd7 $17) (28... Bd6 $19 29. h5 gxh5) 29. Kxc3 {[%cal Rg4d7]} Rxh4 30. Bxd7+ Bxd7 31. Rxd7 Rxe4 32. Rxf7 $19 {[%mdl 4096] Endgame KRR-KRR} Rh3+ 33. Rd3 {[#]} Rxd3+ $1 34. Kxd3 $17 {KR-KR} Re5 35. Rg7 Rxg5 36. b3 Kb7 37. Kd4 Kc6 38. Kd3 Rg2 39. Kd4 Kd6 40. Kc3 Rg3+ 41. Kd4 c6 42. Rg8 {[#]} (42. Rf7 $17) 42... Rg4+ $1 $19 43. Kc3 Kc5 44. Re8 Rg3+ 45. Kc2 $2 (45. Kb2) 45... g5 46. Re6 g4 47. a3 $2 {[#]} (47. Re4) 47... a4 $1 {[%mdl 512] Black is clearly winning.} 48. b4+ (48. bxa4 Rxa3) 48... Kxc4 49. Rxc6+ Kb5 50. Rg6 Rxa3 51. Rg5+ Kxb4 52. Rxg4+ Ka5 {Precision: White = 42%, Black = 58%.} 0-1

[Event "1st Longtou Cup Belt and Road"]
[Site "Qinhuangdao"]
[Date "2018.05.28"]
[Round "3"]
[White "Chu, Wei Chao"]
[Black "Liu, Yan"]
[Result "1/2-1/2"]
[WhiteElo "2403"]
[BlackElo "2474"]
[Annotator "TA"]
[PlyCount "66"]
[EventDate "2018.??.??"]
[EventCountry "CHN"]
[SourceTitle "playchess.com"]
[Source "ChessBase"]
[SourceQuality "1"]

{[%evp 19,66,33,32,26,35,37,54,29,43,41,38,35,38,0,52,42,45,51,64,39,25,35,36,0,35,0,31,12,12,10,17,15,53,0,0,0,0,0,3,0,12,0,0,0,4,0,0,0,0]} 1. d4 Nf6 2. c4 e6 3. g3 Bb4+ 4. Nd2 c5 5. a3 Bxd2+ 6. Qxd2 Nc6 {E00: Katalanisch} (6... cxd4 7. Nf3 d5 8. Bg2 dxc4 9. Qxd4 Qxd4 10. Nxd4 O-O 11. Be3 Nd5 12. Rc1 Nxe3 13. fxe3 Nd7 14. Rxc4 Nf6 15. O-O {½-½ (46) Wojtaszek,R (2744)-Karjakin,S (2778) Shamkir 2018}) 7. dxc5 Ne4 8. Qe3 Qa5+ 9. Bd2 Nxd2 10. Qxd2 Qxc5 {LiveBook: 15 Partien} 11. Rc1 b6 12. Bg2 {[#] Und b4 würde nun gewinnen.} Bb7 13. Nf3 Nd4 {zielt auf ...Sb3 ab.} 14. Rd1 $146 ({Vorgänger:} 14. b4) 14... Nxf3+ 15. Bxf3 Bc6 16. b4 Qe7 (16... Qxc4 $11 17. Rc1 Qb5) 17. O-O $14 Rd8 18. Qd3 Rc8 19. Qd4 Qf6 20. Qd6 Qe7 21. Qd4 Qf6 22. Qd6 Qe7 23. Qf4 O-O 24. Bxc6 Rxc6 25. Rd3 a5 26. Rfd1 (26. b5 $14 Rc5 27. Qd6 Qxd6 28. Rxd6) 26... axb4 $11 {Die Stellung ist ausgeglichen.} 27. Rxd7 Qc5 28. axb4 Qxb4 29. Rd8 Rc8 $1 30. Rxf8+ Rxf8 31. Qc7 h6 32. Kg2 b5 33. cxb5 Qxb5 {Precision: Weiß = 60%, Schwarz = 78%.} 1/2-1/2

[Event "1st Longtou Cup Belt and Road"]
[Site "Qinhuangdao"]
[Date "2018.05.28"]
[Round "3"]
[White "Zou, Chen"]
[Black "Tabatabaei, M amin"]
[Result "0-1"]
[WhiteElo "2361"]
[BlackElo "2587"]
[Annotator "TA"]
[PlyCount "71"]
[EventDate "2018.??.??"]
[EventCountry "CHN"]
[SourceTitle "playchess.com"]
[Source "ChessBase"]
[SourceQuality "1"]

{[%evp 15,71,31,39,21,26,35,33,31,60,31,57,45,28,45,47,53,57,37,26,22,25,0,0,0,0,-10,18,-20,-21,-77,-43,-58,-13,-39,-47,-37,-32,-53,0,-33,-60,-77,-98,-112,-105,-93,-54,-327,-303,-814,-970,-29982,-29983,-29983,-29983,-29983,-29984,-29998]} 1. e4 e5 2. Nf3 Nc6 3. Bb5 a6 4. Ba4 d6 5. c3 Bd7 6. O-O g6 7. d4 Bg7 8. Be3 Nf6 9. Nbd2 {C76: Ruy Lopez: Deferred Steinitz: 5 c3 Bd7 6 d4 g6} Ng4 10. Bg5 {[%cal Be3g5,Bg5h4,Bh4g3][%mdl 32]} f6 11. Bh4 {White is slightly better.} g5 (11... Qe7 12. b4 h5 13. Bg3 O-O 14. Re1 Nh6 15. Nf1 g5 16. Bb3+ Kh7 17. dxe5 Nxe5 18. Bxe5 fxe5 {½-½ (61) Yu,Y (2751)-Mamedyarov,S (2799) Huaian 2017}) 12. Bg3 h5 13. h4 Qe7 14. d5 Nd8 $146 ({Predecessor:} 14... Nb8 15. Qb3 b5 16. c4 c6 17. cxb5 cxb5 {½-½ (51) Tukhaev,A (2436)-Ajrapetjan,Y (2375) Simferopol 2004}) 15. Bxd7+ Qxd7 16. c4 Nf7 17. Rc1 Ngh6 18. Qc2 g4 19. Ne1 f5 20. exf5 Nxf5 21. Ne4 O-O $1 22. Nd3 (22. Qd3 $11) 22... Nh8 23. c5 Bh6 24. c6 bxc6 25. Qxc6 Qg7 26. Rc4 Ra7 ({Better is} 26... Rac8 $15) 27. Ra4 (27. Ndc5 {seems wilder.} Nxg3 28. Nxg3 dxc5 29. Re1 Qf6 30. Qxf6 Rxf6 31. Nxh5 Rf5 32. Ng3) 27... Ng6 28. Rxa6 Rxa6 29. Qxa6 Ngxh4 30. Bxh4 Nxh4 31. Ng3 $2 {[%mdl 8192]} (31. Ne1 $1 $15) 31... e4 $19 32. Nxe4 $2 {[#]} (32. Ne1 e3 33. fxe3) 32... Nf3+ $1 {[%mdl 512]} 33. gxf3 gxf3+ {Black mates.} 34. Ng3 {[#]} Be3 $1 {[%mdl 512]} 35. Kh2 {[#]} (35. fxe3 Qxg3+) 35... Qg4 $1 36. Kg1 {Precision: White = 33%, Black = 77%.} 0-1

[Event "1st Longtou Cup Belt and Road"]
[Site "Qinhuangdao"]
[Date "2018.05.29"]
[Round "4"]
[White "Gordievsky, Dmitry"]
[Black "Mohr, Georg"]
[Result "1-0"]
[WhiteElo "2653"]
[BlackElo "2469"]
[Annotator "TA"]
[PlyCount "95"]
[EventDate "2018.??.??"]
[EventCountry "CHN"]
[SourceTitle "playchess.com"]
[Source "ChessBase"]
[SourceQuality "1"]

{[%evp 17,95,83,61,63,81,72,100,81,112,97,109,98,106,88,100,78,97,97,110,110,114,120,122,93,145,145,145,114,117,102,116,117,111,51,60,60,60,56,54,56,78,65,86,54,57,62,82,81,79,63,102,35,75,72,106,72,72,71,79,80,233,243,242,266,469,377,445,443,390,171,209,215,579,176,231,152,163,131,883,872]} 1. d4 g6 2. c4 Bg7 3. e4 d6 4. Nf3 Nf6 5. Nc3 O-O 6. Be2 Bg4 7. Be3 Nfd7 8. d5 c5 9. O-O Nb6 {LiveBook: 7 Partien. E91: Königsindisch (Klassisches System)} 10. Qb3 Na6 $146 ({Vorgänger:} 10... a5 11. a3 a4 12. Qa2 N8d7 13. h3 Bxf3 14. Bxf3 e6 15. dxe6 fxe6 16. Rad1 Rxf3 17. gxf3 {½-½ (32) Dydyshko,V (2516)-Kempinski,R (2586) Leon 2001}) 11. h3 Bd7 {Weiß steht besser.} 12. Bf4 f6 13. Qc2 Nc7 14. Rfd1 Nc8 15. a3 a5 16. b3 Qe8 17. Rab1 Na6 18. Bd3 Na7 19. Qe2 Rb8 20. Nb5 Nc8 (20... Nxb5 $142 21. cxb5 Nc7) 21. Bd2 b6 22. Bc3 Rb7 23. Rf1 e5 24. dxe6 Bxe6 25. Nd2 ({Günstiger ist} 25. Nh4 $16) 25... Nc7 $14 26. Rbe1 Nxb5 27. cxb5 Re7 28. Bc4 Qf7 29. Qd3 Rfe8 30. Bxe6 Rxe6 31. f3 f5 32. Bxg7 Qxg7 33. Rd1 Re5 34. Qc2 ({Lieber} 34. exf5 $16 Rxf5 35. Nc4) 34... fxe4 35. fxe4 Kh8 36. Rf2 d5 37. Nf3 Rxe4 38. Rxd5 a4 $2 (38... Kg8 $16 {kämpft weiter.}) 39. bxa4 $18 Qa1+ 40. Kh2 Qxa3 $2 (40... R4e7 {war nötig.} 41. a5 Qxa3) 41. Rd7 R4e7 {[#]} 42. Rxe7 $1 Rxe7 43. Qd1 (43. Rd2 $142 {Und Td8+ würde nun gewinnen.} Re8 44. Rd7) 43... Qe3 {[#]} 44. Rd2 $1 {[%cal Rd2d8]} Qe6 $2 (44... Kg8 {ist eine bessere Chance.} 45. a5 bxa5 46. Rd8+ Re8 47. Qd5+ Kf8) 45. Rd5 $2 (45. Qa1+ Kg8 46. Ng5 Qe5+ 47. Qxe5 Rxe5 48. Rd8+ Kg7 49. Nf3) 45... Kg7 (45... Re8 $142 46. Rd7 Kg8) 46. Qd2 ({Auf keinen Fall} 46. Rd8 $6 Re8 $16) 46... Qf6 47. Rd8 Rc7 $2 {[%mdl 8192] [#]} (47... Re2 $16 48. Rd7+ (48. Qxe2 Qxd8 49. Qe5+ Kg8 $14) 48... Re7) 48. Rxc8 $1 {[%mdl 512] Precision: Weiß = 47%, Schwarz = 42%.} 1-0

[Event "1st Longtou Cup Belt and Road"]
[Site "Qinhuangdao"]
[Date "2018.05.29"]
[Round "4"]
[White "Tabatabaei, M amin"]
[Black "Chu, Wei Chao"]
[Result "1-0"]
[WhiteElo "2587"]
[BlackElo "2403"]
[Annotator "TA"]
[PlyCount "103"]
[EventDate "2018.??.??"]
[EventCountry "CHN"]
[SourceTitle "playchess.com"]
[Source "ChessBase"]
[SourceQuality "1"]

{[%evp 9,103,27,43,24,29,0,4,-9,-2,-2,-26,-30,-29,-30,-38,-33,-10,-16,-16,-24,-18,-13,0,-12,5,0,0,0,130,135,135,131,155,160,160,159,155,154,160,151,202,205,184,179,210,213,283,292,284,269,333,342,349,348,345,339,460,337,319,302,308,304,300,210,198,191,179,138,230,203,371,418,417,414,353,214,134,0,515,644,622,0,288,0,616,595,515,592,545,448,572,502,884,863,906,833]} 1. e4 c6 2. d4 d5 3. exd5 cxd5 4. Bd3 Nc6 5. c3 e6 {LiveBook: 4 Games} 6. Bf4 {B13: Caro-Kann: Exchange Variation and Panov-Botvinnik Attack} (6. Ne2 Bd6 7. Nd2 Nge7 8. f4 O-O 9. Nf3 f6 10. O-O Bd7 11. Qc2 h6 12. Bd2 Rc8 13. a3 Na5 {0-1 (27) Kovalev,V (2636)-Riazantsev,A (2666) Sochi 2017}) 6... Nge7 {[%cal Bg8e7,Be7g6,Bg6f4,Bf4d3][%mdl 32]} 7. h4 $146 ({Predecessor:} 7. Nf3 Bd7 8. Nbd2 h6 9. Nb3 g6 10. Nc5 Nf5 11. Bxf5 gxf5 12. Qe2 Rg8 13. g3 Qb6 {1-0 (37) Santos Morales,N (2017)-Valcarcel,G (1751) Bogota 2012}) 7... Ng6 8. Bg5 {The position is equal.} Qc7 9. h5 Nf4 10. Ne2 Nxd3+ (10... Nxg2+ $2 11. Kf1 $18) 11. Qxd3 f6 12. Bh4 Bd6 13. Nd2 Bd7 14. O-O Ne7 15. Bg3 Nf5 16. Bxd6 Nxd6 17. Rfe1 O-O 18. Nf4 Nc4 (18... Rae8 $11) 19. Nxe6 $16 Bxe6 20. Rxe6 Qf7 21. Rae1 Nxd2 22. Qxd2 Qxh5 23. Qf4 Rae8 24. Qe3 {[%cal Re6e8]} Rxe6 (24... Rb8 $16 {might work better.} 25. Re7 h6 26. Qe6+ Kh8) 25. Qxe6+ {[%mdl 4096] Endgame KQR-KQR} Qf7 26. Qd6 Kh8 27. g3 h5 28. Re7 Qg6 29. Qxd5 f5 30. Qxb7 Qg4 31. Qd5 (31. Qxa7 f4 $18) 31... h4 32. Re3 (32. Rxa7 hxg3 33. Ra8 Rxa8 $18) 32... f4 33. Qf3 Qg6 34. Re5 Qb1+ 35. Kg2 hxg3 36. fxg3 (36. Rh5+ Kg8 $18) 36... Qxb2+ 37. Kh3 Qxa2 38. gxf4 Kg8 (38... Qa6 $16 39. Kg4 (39. Rh5+ Kg8 $18) 39... Qg6+ 40. Kh4 Qb1) 39. Kg4 $18 Rc8 $2 {[#]} (39... a5 40. Qe4 a4) 40. Qb7 Rf8 41. Qd5+ Qxd5 42. Rxd5 {KR-KR} Rc8 43. Rc5 ({White should play} 43. Rd7 $16) 43... Ra8 $2 {[%mdl 8192] [#]} (43... Rxc5 $1 $11 {and Black is okay.} 44. dxc5 Kf7) 44. Ra5 Rc8 45. Rc5 (45. Ra3 $142 a6 46. Kf5 (46. Rxa6 Rxc3 47. Kf5 Rc1 $18)) 45... Ra8 46. Ra5 $2 (46. Rc4) 46... Rc8 $1 47. Ra3 {White is clearly winning.} a5 48. Kf5 Kf7 49. Ke5 Ke7 50. Kd5 Rf8 (50... Ra8 $142 51. c4 Ra6) 51. c4 {[%cal Bc3c4,Bc4c5][%mdl 32]} Rxf4 52. c5 {Precision: White = 78%, Black = 54%.} 1-0

[Event "1st Longtou Cup Belt and Road"]
[Site "Qinhuangdao"]
[Date "2018.05.29"]
[Round "4"]
[White "Stupak, Kirill"]
[Black "Idani, Pouya"]
[Result "1/2-1/2"]
[WhiteElo "2556"]
[BlackElo "2572"]
[Annotator "TA"]
[PlyCount "48"]
[EventDate "2018.??.??"]
[EventCountry "CHN"]
[SourceTitle "playchess.com"]
[Source "ChessBase"]
[SourceQuality "1"]

{[%evp 19,48,17,27,27,25,6,15,0,0,0,17,-17,34,21,27,21,20,0,8,0,0,-8,0,0,184,0,0,-2,187,0,0]} 1. d4 Nf6 2. Bf4 g6 3. Nf3 d6 4. h3 Bg7 5. e3 O-O 6. c3 b6 7. Nbd2 Bb7 8. Be2 c5 9. O-O cxd4 10. exd4 Nbd7 11. Re1 {A48: 1 d4 Nf6 2 Nf3 g6: Torre, London and Colle Systems} Qc7 12. a4 (12. Bh2 Rad8 13. Bf1 Rfe8 14. Qb3 Qc8 15. a4 a6 16. a5 {0-1 (58) Le,Q (2712)-Nepomniachtchi,I (2730) Dubai 2014}) 12... e5 13. dxe5 $146 ({Predecessor:} 13. Bg3 Nh5 14. Bh2 Nf4 15. Bf1 a6 16. a5 b5 17. c4 Rfd8 18. cxb5 axb5 19. b4 {1-0 (60) Calkins,D-Costa Trillo,V (1718) ICCF email 2011}) 13... dxe5 14. Bh2 a6 15. Bc4 {[%cal Rf3e5]} Rae8 ({Better is} 15... Nd5 $11) 16. Ba2 Re7 17. Nc4 {[%cal Rc4e5]} Ne4 18. Ne3 Ndf6 19. Qe2 Rfe8 20. Rad1 Nc5 21. Nc4 {Strongly threatening Nd6.} Nfe4 $2 {[#]} (21... Bd5 $1 $11) 22. Ne3 $2 (22. Nfxe5 $1 $18 Bxe5 23. Nxe5 Rxe5 24. Bxe5 Rxe5 25. f3) 22... Nf6 23. Nc4 {Nd6 is the strong threat.} Nfe4 $2 {[#]} (23... Bd5 $11 {and Black stays safe.}) 24. Ne3 $2 (24. Nfxe5 $1 $18 Bxe5 25. Nxe5) 24... Nf6 {Precision: White = 41%, Black = 42%.} 1/2-1/2

[Event "1st Longtou Cup Belt and Road"]
[Site "Qinhuangdao"]
[Date "2018.05.29"]
[Round "4"]
[White "Liu, Yan"]
[Black "Li, Di"]
[Result "1-0"]
[WhiteElo "2474"]
[BlackElo "2452"]
[Annotator "TA"]
[PlyCount "99"]
[EventDate "2018.??.??"]
[EventCountry "CHN"]
[SourceTitle "playchess.com"]
[Source "ChessBase"]
[SourceQuality "1"]

{[%evp 14,99,0,0,13,0,0,0,0,7,20,8,8,8,8,8,8,8,8,8,8,7,7,8,7,-7,26,30,37,29,41,14,77,33,39,18,27,17,118,122,281,264,262,262,247,194,185,132,154,64,64,64,68,64,62,57,67,0,0,0,0,0,62,55,89,101,86,77,99,97,98,54,137,133,204,0,12833,12835,6108,6640,12841,12837,12836,11958,12838,12839,12839,12838]} 1. Nf3 d5 2. e3 Nf6 3. c4 e6 4. b3 c5 5. Bb2 Nc6 6. cxd5 exd5 7. Bb5 Bd6 8. O-O O-O {A13: English Opening: 1...e6} 9. d4 cxd4 10. Nxd4 Bc7 {The position is equal.} 11. Be2 Re8 $146 ({Predecessor:} 11... Qd6 12. g3 Bb6 13. Ba3 Qe5 14. Bxf8 Kxf8 15. Nd2 Nxd4 16. exd4 Qxd4 {0-1 (51) Malakhov,V (2722)-Wei,Y (2738) Danzhou 2017}) 12. Nd2 Nxd4 13. Bxd4 Qd6 {[%csl Gc7][%cal Rd6h2]} 14. g3 $1 Bh3 15. Re1 Rac8 16. a3 Bb6 17. Nf3 Ne4 18. Bxb6 Qxb6 19. Qxd5 Rc5 20. Qd4 Qc6 21. b4 Ng5 22. e4 (22. Qxc5 $2 {too greedy.} Nxf3+ 23. Kh1 Bg2+ 24. Kxg2 Nxe1+ 25. Kh3 Qg2+ 26. Kh4 Qxh2+ 27. Kg4 h5+ $1 {[%mdl 512]} 28. Qxh5 Qxf2 $19) 22... Ne6 (22... Rc4 $1 $11 23. b5 Rxd4 24. bxc6 Nxf3+ 25. Bxf3 bxc6) 23. Qb2 Rc2 24. Qe5 Bg4 ({Much worse is} 24... Qb6 $6 25. Rac1 $16) 25. Bd1 Rc4 (25... Bxf3 $1 $11 {keeps the balance.} 26. Bxf3 h6) 26. Nd2 $16 Nd4 $2 (26... Rd4 $16 {was worth a try.}) 27. Nxc4 $18 Rxe5 28. Nxe5 Qc7 {White must now prevent ...Bxd1.} 29. Bxg4 Qxe5 30. Rad1 (30. Rac1 $18 g6 31. Rc5) 30... g6 $16 31. f4 (31. Rd2 $16) 31... Qf6 $14 32. Rd2 h5 33. Red1 Nb5 34. Bf3 $1 {Threatens to win with e5.} Qb6+ 35. Kh1 (35. Kg2 $14) 35... Nxa3 $11 36. e5 Nc4 37. Re2 {e6! is the strong threat.} Ne3 (37... Qxb4 $11 38. Rde1 Kf8) 38. Rde1 $36 {[%mdl 2048] White has the initiative.} Nf5 39. e6 fxe6 40. Rxe6 Qf2 41. Bxb7 Kg7 42. Bg2 h4 ({Black should play} 42... Qd2 $14) 43. g4 h3 {[%csl Gf2][%cal Rh3g2] [#]} 44. Bb7 $2 ({Don't take} 44. Bxh3 $6 Qf3+ 45. Bg2 Qxg4 $16) (44. Bc6 $1 $18 Nd6 45. Rd1) 44... Nd4 $2 {[%mdl 8192]} (44... Nd6 $11 45. Re7+ Kf8) 45. Re7+ $18 {White is clearly winning.} Kf8 46. Bd5 {Threatening mate with Rf7+.} Qxf4 47. Rf7+ Qxf7 48. Bxf7 Kxf7 49. Ra1 Kf6 50. Rxa7 {Precision: White = 63%, Black = 52%.} 1-0

[Event "1st Longtou Cup Belt and Road"]
[Site "Qinhuangdao"]
[Date "2018.05.29"]
[Round "4"]
[White "Liu, Guanchu"]
[Black "Wang, Hao"]
[Result "1/2-1/2"]
[WhiteElo "2459"]
[BlackElo "2710"]
[Annotator "TA"]
[PlyCount "74"]
[EventDate "2018.??.??"]
[EventCountry "CHN"]
[SourceTitle "playchess.com"]
[Source "ChessBase"]
[SourceQuality "1"]

{[%evp 19,74,8,12,20,24,11,19,8,35,0,0,-3,0,0,0,0,30,8,29,36,47,0,18,0,8,0,0,7,0,0,0,-2,0,-6,-6,-3,0,0,0,0,0,0,9,0,0,0,0,0,0,-27,-22,-30,0,0,0,-27,0]} 1. e4 c5 2. Nf3 d6 3. d4 cxd4 4. Nxd4 Nf6 5. Nc3 a6 6. Be3 e5 7. Nf3 Be7 8. Bc4 O-O 9. O-O Be6 10. Bb3 Qc7 11. Nh4 {B90: Sicilian Najdorf: Unusual White 6th moves, 6 Be3 Ng4 and 6 Be3 e5} g6 12. Bh6 (12. Nf3 Re8 13. Ng5 Bc4 14. Re1 Nbd7 15. a4 Qc6 16. Bxc4 Qxc4 17. a5 Qc6 18. Qd3 Rac8 {½-½ (48) Sjugirov,S (2652)-Wojtaszek,R (2738) Batumi 2018}) 12... Rc8 13. Nf3 $146 {[%cal Bh4f3,Bf3d2,Bd2b3][%mdl 32] The position is equal.} ({Predecessor:} 13. Qd2 Kh8 14. Nf3 Bc4 15. Rfe1 b5 16. a4 b4 17. Nd5 Nxd5 18. exd5 a5 19. Nd4 Qb7 20. Rad1 Kg8 21. Qe3 Bxd5 22. Nf5 Bxb3 23. Rxd6 Bxd6 24. Nxd6 Qd5 25. Nxc8 {1-0 (25) Baklan,V (2614)-Brunner,N (2442) Drancy 2016}) 13... Bc4 (13... b5 {is interesting.} 14. Re1 Nbd7 15. Ng5 Bc4 16. a3 Qd8) 14. Bxc4 Qxc4 15. Nd2 Qe6 16. Bg5 Nbd7 17. a4 Bf8 18. Re1 Rc5 19. Nb3 Rc7 20. Qd2 Rac8 21. a5 Rc4 22. f3 d5 23. exd5 Qf5 24. Bxf6 Nxf6 25. Qe2 Bb4 26. Qxe5 Qxe5 27. Rxe5 Bxc3 28. bxc3 Rxc3 29. Rd1 Rxc2 30. d6 R8c3 31. Nd4 Rc1 $1 {[%cal Rc1d1]} 32. Rxc1 Rxc1+ $11 {KRN-KRN} 33. Kf2 Kf8 34. g4 Rd1 35. Ke3 Re1+ 36. Ne2 Rd1 37. Nd4 Re1+ {Precision: White = 53%, Black = 56%.} 1/2-1/2

[Event "1st Longtou Cup Belt and Road"]
[Site "Qinhuangdao"]
[Date "2018.05.29"]
[Round "4"]
[White "Dai, Changren"]
[Black "Mosadeghpour, Masoud"]
[Result "1/2-1/2"]
[WhiteElo "2436"]
[BlackElo "2535"]
[Annotator "TA"]
[PlyCount "157"]
[EventDate "2018.??.??"]
[EventCountry "CHN"]
[SourceTitle "playchess.com"]
[Source "ChessBase"]
[SourceQuality "1"]

{[%evp 26,156,29,19,21,13,29,31,39,7,42,18,33,27,14,24,45,48,46,55,98,85,139,79,85,75,77,77,137,153,141,139,162,152,135,156,172,173,171,160,137,137,242,100,102,101,90,93,98,96,159,157,155,152,159,147,147,147,148,153,149,149,146,146,146,145,147,155,153,157,148,142,150,150,186,186,179,158,202,200,224,220,267,264,281,204,226,160,203,195,198,227,235,235,235,198,184,145,145,8,8,8,8,8,8,8,8,8,8,0,0,0,0,0,0,0,0,0,0,0,0,0,0,0,0,0,0,0,0,0,0,0,0]} 1. e4 e5 2. Nf3 Nc6 3. Bb5 a6 4. Ba4 Nf6 5. O-O Be7 6. Re1 b5 7. Bb3 d6 8. c3 O-O 9. h3 Na5 10. Bc2 c5 11. d4 cxd4 12. cxd4 Qc7 13. Bg5 h6 14. Bh4 Bb7 {C97: Closed Ruy Lopez: Chigorin Defence: 11 d4 Qc7, sidelines} (14... Nc6 15. Nc3 b4 16. Ne2 Rd8 17. Rc1 Qb6 18. Bb1 Bd7 19. Bg3 Rac8 20. dxe5 dxe5 21. Nxe5 Bxh3 22. Nc4 {0-1 (41) Ramirez,B (2198)-Dominguez,R (2244) Medellin 2016}) 15. Nbd2 Rac8 16. Rc1 Rfe8 $146 {White is slightly better.} ({Predecessor:} 16... Nh7 17. Bg3 Ng5 18. dxe5 dxe5 19. Bxe5 Nxf3+ 20. Nxf3 Qb6 21. Bd4 Qe6 22. b3 {½-½ (60) Baron,A (1814)-Fayolle,G (1820) Montigny le Bretonneux 2012}) 17. Bg3 {[%cal Rd4e5]} Nd7 18. Bb1 Qb6 19. Rxc8 Bxc8 20. Nf1 exd4 21. Nxd4 Nf6 22. Ne3 Bf8 23. Ndf5 $1 $36 {[%mdl 2048] White is in control.} Bb7 (23... Bxf5 $142 24. Nxf5 Nc4) 24. Ng4 ({Don't take} 24. Nxd6 $6 Bxd6 25. Qxd6 Qxd6 $14) (24. Bxd6 $142 Nxe4 25. Bxe4 (25. Bxf8 Kxf8 26. Qg4 g6 $16) 25... Rxe4 26. Bxf8 Kxf8 27. b3) 24... Nxg4 $16 25. Qxg4 g6 26. Bf4 Bc8 ({Black should try} 26... h5 27. Qg5 Nc4) 27. Qg3 $1 Bxf5 28. Be3 Qd8 29. exf5 g5 30. b3 Bg7 31. Rd1 d5 {[#]} 32. h4 $1 {[%mdl 512]} gxh4 33. Qg4 Kh8 (33... Qf6 $16 {was called for.} 34. Rxd5 Nc6) 34. Bd4 (34. Qh5 $18 {is more deadly.}) 34... Qg5 35. Qxg5 hxg5 36. f6 Bf8 37. Be3 d4 (37... Re5 $142) 38. Rxd4 {Rd7 is the strong threat.} Nc6 39. Rd5 Re6 40. Bf5 Rxf6 {White should prevent ...Ne7.} 41. Bxg5 Rd6 42. Rxd6 Bxd6 43. Bxh4 {[%mdl 4096] Endgame KBB-KBN} Kg7 44. Bc8 a5 45. Bd7 Nb4 46. Bxb5 Nxa2 47. Bd8 Nc3 48. Bc6 Ne2+ 49. Kf1 Nd4 50. Bd5 Bb4 51. Bb6 Bc3 52. f3 f5 53. Kf2 Kf6 54. Ke3 $1 Ke5 55. Bc4 Nc6 56. Bc7+ Kf6 57. Kd3 Be1 58. Bg8 Ne5+ {[#]} 59. Kd4 $1 Ng6 60. Kc5 Nh4 61. Kb5 Nxg2 {[#]} 62. Bxa5 (62. Bc4 $1 $16) 62... Bxa5 $11 {The position is equal.} 63. Kxa5 $16 {Black must now prevent b4. KB-KN} Ne1 64. Bd5 {And now b4 would win.} Ke5 65. Ba8 {aiming for b4.} Kf4 66. b4 Nxf3 67. Bxf3 Kxf3 $11 {KP-KP} 68. b5 {Strongly threatening b6.} f4 69. b6 {b7 would kill now.} Kg2 $1 70. b7 f3 71. b8=Q {White wants to mate with Qg8+.} f2 72. Qg8+ Kh1 73. Qh7+ Kg1 74. Qg6+ $1 Kh1 75. Qf5 Kg1 76. Qg4+ Kh1 77. Qf3+ Kg1 78. Qg3+ Kh1 $1 79. Qxf2 $2 {[%mdl 8192] Precision: White = 70%, Black = 53%.} (79. Qh4+ Kg2 80. Qg4+ Kh2 81. Qf3) 1/2-1/2